[Event "HSG Open 2018"]
[Site "Hilversum"]
[Date "2018.06.24"]
[Round "5.3"]
[White "Nijboer, Friso"]
[Black "Petrisor, Adrian-Marian"]
[Result "1-0"]
[BlackElo "2400"]
[WhiteElo "2492"]
[LiveChessVersion "1.4.8"]

1. e4 {[%clk 1:48:10]} e5 {[%clk 1:50:09]} 2. Nf3 {[%clk 1:46:34]} Nc6
{[%clk 1:50:13]} 3. Bc4 {[%clk 1:46:34]} Bc5 {[%clk 1:50:13]} 4. c3
{[%clk 1:46:37]} Nf6 {[%clk 1:50:18]} 5. d3 {[%clk 1:46:40]} O-O {[%clk 1:49:58]}
6. O-O {[%clk 1:46:30]} d5 {[%clk 1:48:11]} 7. exd5 {[%clk 1:46:21]} Nxd5
{[%clk 1:48:16]} 8. a4 {[%clk 1:46:25]} a5 {[%clk 1:39:10]} 9. Nbd2
{[%clk 1:43:12]} Nb6 {[%clk 1:34:46]} 10. Bb5 {[%clk 1:40:12]} Bd6
{[%clk 1:27:23]} 11. Re1 {[%clk 1:13:28]} Bf5 {[%clk 1:12:09]} 12. Ne4
{[%clk 1:07:19]} Na7 {[%clk 1:10:39]} 13. Bg5 {[%clk 1:06:45]} f6
{[%clk 1:10:10]} 14. Be3 {[%clk 1:06:42]} Nxb5 {[%clk 1:09:26]} 15. Qb3+
{[%clk 1:03:56]} Kh8 {[%clk 1:08:33]} 16. Qxb5 {[%clk 1:03:54]} Be7
{[%clk 1:04:50]} 17. Bxb6 {[%clk 0:57:46]} cxb6 {[%clk 1:01:43]} 18. d4
{[%clk 0:57:37]} Bd7 {[%clk 0:56:23]} 19. Qd5 {[%clk 0:51:37]} Bc6
{[%clk 0:46:21]} 20. Qxd8 {[%clk 0:50:46]} Raxd8 {[%clk 0:46:27]} 21. dxe5
{[%clk 0:50:44]} fxe5 {[%clk 0:46:32]} 22. Nxe5 {[%clk 0:44:32]} Bd5
{[%clk 0:41:08]} 23. Nf3 Rf4 {[%clk 0:37:58]} 24. Nd4 {[%clk 0:26:12]} Rxe4
{[%clk 0:25:48]} 25. Rxe4 {[%clk 0:26:11]} Bxe4 {[%clk 0:25:55]} 26. Re1
{[%clk 0:26:17]} Bxg2 {[%clk 0:26:00]} 27. Rxe7 {[%clk 0:26:21]} Bd5
{[%clk 0:25:02]} 28. Ne6 {[%clk 0:16:00]} Rg8 {[%clk 0:18:30]} 29. f4
{[%clk 0:15:08]} h6 {[%clk 0:17:14]} 30. Kf2 {[%clk 0:10:34]} Bb3
{[%clk 0:09:41]} 31. Ke3 {[%clk 0:05:12]} Bxa4 {[%clk 0:03:59]} 32. Rxb7
{[%clk 0:04:41]} Re8 {[%clk 0:03:24]} 33. Rxb6 {[%clk 0:04:47]} Bd7
{[%clk 0:03:31]} 34. f5 {[%clk 0:04:53]} g6 {[%clk 0:03:37]} 35. Kf4
{[%clk 0:04:52]} gxf5 {[%clk 0:03:44]} 36. Nc5 {[%clk 0:04:59]} Bc8
{[%clk 0:03:07]} 37. Rxh6+ {[%clk 0:04:59]} Kg7 {[%clk 0:03:13]} 38. Rc6
{[%clk 0:04:51]} Rh8 {[%clk 0:01:54]} 39. Kg5 {[%clk 0:04:41]} Rf8
{[%clk 0:01:45]} 40. Rc7+ {[%clk 0:04:18]} Kg8 {[%clk 0:01:50]} 41. Kf4
{[%clk 0:04:05]} Re8 {[%clk 0:01:56]} 42. Rc6 {[%clk 0:03:21]} Kg7
{[%clk 0:01:37]} 43. h4 {[%clk 0:03:17]} a4 {[%clk 0:01:31]} 44. h5
{[%clk 0:03:18]} Kh7 {[%clk 0:01:30]} 45. c4 {[%clk 0:01:18]} Rg8
{[%clk 0:01:38]} 46. Nxa4 {[%clk 0:00:43]} Rg4+ {[%clk 0:01:46]} 47. Ke5
{[%clk 0:00:52]} Re4+ {[%clk 0:01:31]} 48. Kf6 {[%clk 0:00:56]} Re8
{[%clk 0:01:06]} 49. Nb6 {[%clk 0:00:24]} f4 {[%clk 0:01:02]} 50. Kg5
{[%clk 0:00:26]} f3 {[%clk 0:00:52]} 51. Nxc8 {[%clk 0:00:13]} f2
{[%clk 0:00:12]} 52. Rf6 {[%clk 0:00:18]} Rxc8 {[%clk 0:00:12]} 53. b3
{[%clk 0:00:25]} Rg8+ {[%clk 0:00:11]} 54. Kh4 {[%clk 0:00:33]} Rb8
{[%clk 0:00:15]} 55. Rxf2 {[%clk 0:00:36]} Rxb3 {[%clk 0:00:24]} 56. Rc2
{[%clk 0:00:40]} Kh6 {[%clk 0:00:30]} 57. Kg4 {[%clk 0:00:46]} Rb4
{[%clk 0:00:35]} 58. Kf5 {[%clk 0:00:49]} Rb1 {[%clk 0:00:28]} 59. c5
{[%clk 0:00:55]} Rf1+ {[%clk 0:00:36]} 60. Ke6 {[%clk 0:01:01]} Kxh5
{[%clk 0:00:35]} 61. c6 {[%clk 0:01:02]} Re1+ {[%clk 0:00:43]} 62. Kf7
{[%clk 0:00:37]} Rf1+ {[%clk 0:00:50]} 63. Kg7 {[%clk 0:00:38]} Rg1+
{[%clk 0:00:56]} 64. Kh7 {[%clk 0:00:36]} Re1 {[%clk 0:00:20]} 65. Rc5+
{[%clk 0:00:21]} Kg4 {[%clk 0:00:28]} 66. c7 {[%clk 0:00:28]} 1-0

[Event "HSG Open 2018"]
[Site "Hilversum"]
[Date "2018.06.24"]
[Round "5.4"]
[White "Warmerdam, Max"]
[Black "Arnaudov, G. Petar"]
[Result "1-0"]
[BlackElo "2445"]
[WhiteElo "2370"]
[LiveChessVersion "1.4.8"]

1. e4 {[%clk 1:50:17]} e5 {[%clk 1:42:47]} 2. Nf3 {[%clk 1:50:23]} Nc6
{[%clk 1:42:54]} 3. d4 {[%clk 1:50:28]} exd4 {[%clk 1:42:22]} 4. Nxd4
{[%clk 1:50:32]} Qf6 {[%clk 1:41:18]} 5. Nb5 {[%clk 1:49:32]} Bc5
{[%clk 1:40:59]} 6. Qe2 {[%clk 1:49:37]} Bb6 {[%clk 1:40:48]} 7. N1c3
{[%clk 1:49:36]} Nge7 {[%clk 1:40:12]} 8. Be3 {[%clk 1:49:40]} Ba5
{[%clk 1:38:46]} 9. O-O-O {[%clk 1:49:06]} a6 {[%clk 1:27:00]} 10. Nd5
{[%clk 1:48:40]} Nxd5 {[%clk 1:27:01]} 11. exd5 {[%clk 1:48:46]} Ne7
{[%clk 1:25:57]} 12. Nd4 {[%clk 1:35:20]} Bb6 {[%clk 1:19:41]} 13. d6
{[%clk 1:28:48]} cxd6 {[%clk 1:18:53]} 14. g4 {[%clk 1:04:07]} O-O
{[%clk 1:14:32]} 15. g5 {[%clk 0:51:11]} Qg6 {[%clk 1:08:24]} 16. Bg2
{[%clk 0:34:26]} d5 {[%clk 1:02:04]} 17. h4 {[%clk 0:34:18]} Bxd4
{[%clk 0:59:43]} 18. Bxd4 {[%clk 0:24:29]} Nc6 {[%clk 0:56:21]} 19. Bc3
{[%clk 0:22:15]} Qe6 {[%clk 0:54:36]} 20. Qd3 {[%clk 0:18:45]} d4
{[%clk 0:53:08]} 21. Bxc6 {[%clk 0:18:06]} dxc3 {[%clk 0:52:40]} 22. Bd5
{[%clk 0:18:14]} cxb2+ {[%clk 0:51:55]} 23. Kb1 {[%clk 0:18:23]} Qe5
{[%clk 0:46:33]} 24. f4 {[%clk 0:16:22]} Qc7 {[%clk 0:46:14]} 25. h5
{[%clk 0:16:13]} d6 {[%clk 0:42:37]} 26. h6 {[%clk 0:16:13]} 1-0

[Event "HSG Open 2018"]
[Site "Hilversum"]
[Date "2018.06.24"]
[Round "5.5"]
[White "Ten Hertog, Hugo"]
[Black "De Ruiter, Danny"]
[Result "1-0"]
[BlackElo "2303"]
[WhiteElo "2453"]
[LiveChessVersion "1.4.8"]

1. g3 {[%clk 1:47:18]} Nf6 {[%clk 1:49:52]} 2. Bg2 {[%clk 1:47:24]} d5
{[%clk 1:49:49]} 3. d3 {[%clk 1:47:28]} c6 {[%clk 1:49:35]} 4. Nc3
{[%clk 1:46:46]} e5 {[%clk 1:49:18]} 5. Nf3 {[%clk 1:46:32]} Bd6 {[%clk 1:49:18]}
6. O-O {[%clk 1:46:37]} O-O {[%clk 1:49:03]} 7. e4 {[%clk 1:46:43]} dxe4
{[%clk 1:45:42]} 8. dxe4 {[%clk 1:46:45]} h6 {[%clk 1:45:41]} 9. h3
{[%clk 1:46:32]} Be6 {[%clk 1:45:31]} 10. Nh4 {[%clk 1:46:18]} Na6
{[%clk 1:34:33]} 11. a3 {[%clk 1:45:59]} Nc7 {[%clk 1:15:30]} 12. Qf3
{[%clk 1:43:51]} Qe7 {[%clk 1:15:16]} 13. Nd1 {[%clk 1:40:37]} Nb5
{[%clk 1:13:58]} 14. c3 {[%clk 1:38:58]} Bc5 {[%clk 1:14:05]} 15. a4
{[%clk 1:23:58]} Nd6 {[%clk 1:11:06]} 16. b4 {[%clk 1:24:03]} Bb6
{[%clk 1:11:12]} 17. a5 {[%clk 1:24:10]} Bc7 {[%clk 1:11:12]} 18. Re1
{[%clk 1:24:16]} Rfd8 {[%clk 1:10:05]} 19. Qe2 {[%clk 1:11:40]} g5
{[%clk 0:52:47]} 20. Nf3 {[%clk 1:11:44]} Bc4 {[%clk 0:52:00]} 21. Qc2
{[%clk 1:07:54]} Ndxe4 {[%clk 0:52:03]} 22. Nb2 {[%clk 1:03:46]} Be6
{[%clk 0:50:42]} 23. Rxe4 {[%clk 0:57:40]} Nxe4 {[%clk 0:48:30]} 24. Qxe4
{[%clk 0:57:45]} Qf6 {[%clk 0:48:36]} 25. h4 {[%clk 0:56:13]} g4 {[%clk 0:46:16]}
26. Nh2 {[%clk 0:55:58]} Qg7 {[%clk 0:46:19]} 27. Qe3 {[%clk 0:43:50]} h5
{[%clk 0:44:51]} 28. Qg5 {[%clk 0:40:01]} Qxg5 {[%clk 0:44:56]} 29. Bxg5
{[%clk 0:40:07]} f6 {[%clk 0:44:59]} 30. Bxf6 {[%clk 0:32:27]} Rd2
{[%clk 0:44:29]} 31. Na4 {[%clk 0:30:59]} Rf8 {[%clk 0:43:31]} 32. Nc5
{[%clk 0:29:52]} Bd5 {[%clk 0:40:27]} 33. Bg5 {[%clk 0:28:28]} Rc2
{[%clk 0:35:38]} 34. Be3 {[%clk 0:28:23]} b6 {[%clk 0:32:15]} 35. Ne4
{[%clk 0:21:41]} Kg7 {[%clk 0:29:56]} 36. Ra3 {[%clk 0:17:15]} Rf7
{[%clk 0:24:20]} 37. Nf1 {[%clk 0:16:04]} Rd7 {[%clk 0:23:38]} 38. Bg5
{[%clk 0:14:56]} bxa5 {[%clk 0:22:03]} 39. bxa5 {[%clk 0:14:33]} Ra2
{[%clk 0:22:08]} 40. Rxa2 {[%clk 0:14:04]} Bxa2 {[%clk 0:22:17]} 41. a6
{[%clk 0:13:47]} Rf7 {[%clk 0:21:19]} 42. Ne3 {[%clk 0:13:14]} Bb1
{[%clk 0:19:12]} 43. Nc5 {[%clk 0:12:43]} Ba5 {[%clk 0:19:19]} 44. Ne6+
{[%clk 0:11:39]} Kh8 {[%clk 0:17:41]} 45. Bxc6 {[%clk 0:10:23]} Bxc3
{[%clk 0:17:45]} 46. Be8 {[%clk 0:10:26]} Rf3 {[%clk 0:17:32]} 47. Bxh5
{[%clk 0:08:38]} Be1 {[%clk 0:15:50]} 48. Nxg4 {[%clk 0:08:37]} Bxf2+
{[%clk 0:15:43]} 49. Nxf2 {[%clk 0:08:43]} Rxg3+ {[%clk 0:15:49]} 50. Kf1
{[%clk 0:05:54]} Bf5 {[%clk 0:14:40]} 51. Bf6+ {[%clk 0:03:40]} Kg8
{[%clk 0:14:49]} 52. Ng5 {[%clk 0:03:05]} Bd7 {[%clk 0:11:01]} 53. Be2
{[%clk 0:02:34]} Rc3 {[%clk 0:11:10]} 54. h5 {[%clk 0:01:30]} Bf5
{[%clk 0:11:19]} 55. Bxe5 {[%clk 0:00:55]} Rc6 {[%clk 0:11:06]} 56. Nfe4
{[%clk 0:00:27]} Bc8 {[%clk 0:04:55]} 57. Nf6+ {[%clk 0:00:30]} Kh8
{[%clk 0:05:04]} 58. Nd5+ {[%clk 0:00:29]} 1-0

[Event "HSG Open 2018"]
[Site "Hilversum"]
[Date "2018.06.24"]
[Round "5.6"]
[White "De Rover, Yong Hoon"]
[Black "Van Baar, Esper"]
[Result "1-0"]
[BlackElo "2253"]
[WhiteElo "2415"]
[LiveChessVersion "1.4.8"]

1. Nf3 {[%clk 1:40:15]} Nf6 {[%clk 1:50:08]} 2. c4 {[%clk 1:40:10]} e6
{[%clk 1:49:47]} 3. g3 {[%clk 1:39:40]} d5 {[%clk 1:48:21]} 4. Bg2
{[%clk 1:39:29]} Be7 {[%clk 1:48:24]} 5. O-O {[%clk 1:39:21]} O-O
{[%clk 1:48:23]} 6. d4 {[%clk 1:39:02]} dxc4 {[%clk 1:48:23]} 7. Ne5
{[%clk 1:38:53]} Nc6 {[%clk 1:47:47]} 8. Bxc6 {[%clk 1:37:49]} bxc6
{[%clk 1:47:38]} 9. Nxc6 {[%clk 1:37:47]} Qe8 {[%clk 1:47:23]} 10. Nxe7+
{[%clk 1:37:35]} Qxe7 {[%clk 1:47:29]} 11. Qc2 {[%clk 1:37:35]} a5
{[%clk 1:15:20]} 12. Nc3 {[%clk 1:34:37]} c5 {[%clk 1:11:33]} 13. Rd1
{[%clk 1:33:37]} Bb7 {[%clk 1:06:59]} 14. Bg5 {[%clk 1:32:30]} Rfd8
{[%clk 0:54:11]} 15. dxc5 {[%clk 1:27:28]} Qxc5 {[%clk 0:52:26]} 16. Bxf6
{[%clk 1:22:03]} gxf6 {[%clk 0:48:00]} 17. Rxd8+ {[%clk 1:18:51]} Rxd8
{[%clk 0:47:48]} 18. Rd1 {[%clk 1:18:50]} Rd4 {[%clk 0:41:54]} 19. Rxd4
{[%clk 1:18:17]} Qxd4 {[%clk 0:42:01]} 20. Qd1 {[%clk 1:18:13]} Qb6
{[%clk 0:41:56]} 21. Qd2 {[%clk 1:18:06]} Kg7 {[%clk 0:38:21]} 22. Nd1
{[%clk 1:16:30]} Qb4 {[%clk 0:26:26]} 23. Qc3 {[%clk 1:08:07]} Qa4
{[%clk 0:24:33]} 24. Ne3 {[%clk 1:07:54]} Qxa2 {[%clk 0:22:47]} 25. f3
{[%clk 1:07:54]} Qb3 {[%clk 0:15:48]} 26. Qd4 {[%clk 1:01:40]} Qb4
{[%clk 0:03:50]} 27. Kf2 {[%clk 0:59:10]} a4 {[%clk 0:02:08]} 28. Ng4
{[%clk 0:57:45]} Qe7 {[%clk 0:00:34]} 29. Qxc4 {[%clk 0:57:03]} a3
{[%clk 0:00:18]} 30. bxa3 {[%clk 0:56:03]} h5 {[%clk 0:00:22]} 31. Ne3
{[%clk 0:55:50]} Qxa3 {[%clk 0:00:30]} 32. Qb5 {[%clk 0:55:48]} Ba6
{[%clk 0:00:27]} 33. Qxh5 {[%clk 0:55:43]} Qb2 {[%clk 0:00:28]} 34. f4
{[%clk 0:55:37]} Qd4 {[%clk 0:00:22]} 35. f5 {[%clk 0:48:27]} exf5
{[%clk 0:00:16]} 36. Qxf5 {[%clk 0:48:26]} Bb7 {[%clk 0:00:13]} 37. Qd3
{[%clk 0:46:38]} Qb6 {[%clk 0:00:12]} 38. Qd6 {[%clk 0:46:27]} Qxd6
{[%clk 0:00:12]} 39. Nf5+ {[%clk 0:46:32]} Kg6 {[%clk 0:00:20]} 40. Nxd6
{[%clk 0:46:35]} Bc6 {[%clk 0:00:16]} 41. Ke3 {[%clk 0:46:33]} f5
{[%clk 0:00:12]} 42. Kf4 Bd7 43. Ke5 {[%clk 0:42:13]} Be6 {[%clk 0:00:31]} 44.
Nb5 {[%clk 0:41:44]} Ba2 {[%clk 0:00:17]} 45. h4 {[%clk 0:40:51]} Bb1
{[%clk 0:00:13]} 46. Nc3 {[%clk 0:40:34]} Bc2 {[%clk 0:00:21]} 47. Nd5
{[%clk 0:40:36]} Bd1 {[%clk 0:00:14]} 48. Nf4+ {[%clk 0:40:09]} 1-0

[Event "HSG Open 2018"]
[Site "Hilversum"]
[Date "2018.06.24"]
[Round "5.7"]
[White "Lanchava, Tea"]
[Black "Wiersma, Eelke"]
[Result "0-1"]
[BlackElo "2344"]
[WhiteElo "2297"]
[LiveChessVersion "1.4.8"]

1. c4 {[%clk 1:50:16]} Nf6 {[%clk 1:49:55]} 2. Nc3 {[%clk 1:49:55]} c5
{[%clk 1:49:43]} 3. g3 {[%clk 1:49:56]} e6 {[%clk 1:46:23]} 4. e4
{[%clk 1:49:02]} Nc6 {[%clk 1:45:27]} 5. f4 {[%clk 1:44:30]} d6 {[%clk 1:40:51]}
6. Bg2 {[%clk 1:43:56]} Be7 {[%clk 1:40:53]} 7. Nf3 {[%clk 1:40:53]} O-O
{[%clk 1:40:46]} 8. O-O {[%clk 1:40:15]} a6 {[%clk 1:39:45]} 9. a4
{[%clk 1:38:11]} Qc7 {[%clk 1:31:44]} 10. Kh1 {[%clk 1:36:41]} b6
{[%clk 1:21:35]} 11. d3 {[%clk 1:35:27]} Bb7 {[%clk 1:21:36]} 12. Be3
{[%clk 1:32:33]} Rad8 {[%clk 1:21:36]} 13. Qe2 {[%clk 1:31:50]} d5
{[%clk 1:08:56]} 14. cxd5 {[%clk 1:28:28]} exd5 {[%clk 1:08:29]} 15. e5
{[%clk 1:28:20]} d4 {[%clk 1:07:57]} 16. exf6 {[%clk 1:27:26]} Bxf6
{[%clk 1:07:50]} 17. Ne4 {[%clk 1:19:46]} dxe3 {[%clk 1:07:29]} 18. Nxf6+
{[%clk 1:19:18]} gxf6 {[%clk 1:07:22]} 19. Qxe3 {[%clk 1:18:56]} Rfe8
{[%clk 1:04:43]} 20. Qd2 {[%clk 1:18:23]} Nb4 {[%clk 0:57:35]} 21. Ra3
{[%clk 1:15:31]} Qd7 {[%clk 0:55:59]} 22. Ne1 {[%clk 1:11:27]} Bxg2+
{[%clk 0:49:58]} 23. Qxg2 {[%clk 1:04:57]} Re3 {[%clk 0:48:31]} 24. a5
{[%clk 0:47:41]} Rde8 {[%clk 0:45:15]} 25. Nf3 {[%clk 0:42:48]} b5
{[%clk 0:43:48]} 26. g4 {[%clk 0:40:30]} Nxd3 {[%clk 0:41:32]} 27. f5
{[%clk 0:37:21]} Ne1 {[%clk 0:34:45]} 28. Nxe1 {[%clk 0:34:42]} Rxe1
{[%clk 0:34:08]} 29. Raf3 {[%clk 0:34:05]} R8e2 {[%clk 0:29:28]} 30. Qg3
{[%clk 0:28:59]} Qd1 {[%clk 0:26:21]} 31. Kg1 {[%clk 0:23:46]} Re3
{[%clk 0:24:04]} 32. Qb8+ {[%clk 0:04:20]} Kg7 {[%clk 0:23:53]} 33. Kg2
{[%clk 0:04:26]} Rxf3 {[%clk 0:13:04]} 34. Rxe1 {[%clk 0:04:06]} Qd5
{[%clk 0:13:07]} 35. Kg1 {[%clk 0:03:27]} Qd4+ {[%clk 0:11:49]} 36. Kh1
{[%clk 0:03:29]} Qxb2 {[%clk 0:11:36]} 37. Rg1 {[%clk 0:02:12]} h6
{[%clk 0:11:20]} 38. Qd6 {[%clk 0:01:12]} Rf2 {[%clk 0:09:52]} 39. Qg3
{[%clk 0:00:58]} Qe2 {[%clk 0:09:34]} 40. h4 {[%clk 0:00:38]} Qe4+
{[%clk 0:09:14]} 0-1

[Event "HSG Open 2018"]
[Site "Hilversum"]
[Date "2018.06.24"]
[Round "5.8"]
[White "Huesmann, Thomas"]
[Black "Van de Griendt, Jan Willem"]
[Result "1-0"]
[BlackElo "2347"]
[WhiteElo "2170"]
[LiveChessVersion "1.4.8"]

1. e4 {[%clk 1:50:17]} e5 {[%clk 1:44:32]} 2. Nf3 {[%clk 1:50:16]} Nc6
{[%clk 1:44:36]} 3. Bc4 {[%clk 1:50:18]} Bc5 {[%clk 1:43:52]} 4. O-O
{[%clk 1:48:37]} Nf6 {[%clk 1:41:28]} 5. d4 {[%clk 1:47:30]} exd4
{[%clk 1:40:41]} 6. e5 {[%clk 1:47:30]} d5 {[%clk 1:40:41]} 7. exf6
{[%clk 1:47:33]} dxc4 {[%clk 1:40:48]} 8. fxg7 {[%clk 1:47:32]} Rg8
{[%clk 1:40:55]} 9. Bg5 {[%clk 1:46:19]} Be7 {[%clk 1:32:23]} 10. Bxe7
{[%clk 1:46:06]} Kxe7 {[%clk 1:27:38]} 11. Re1+ {[%clk 1:39:19]} Be6
{[%clk 1:20:06]} 12. Re4 {[%clk 1:31:32]} Rxg7 {[%clk 1:03:10]} 13. Nxd4
{[%clk 1:31:32]} Nxd4 {[%clk 0:58:35]} 14. Rxd4 {[%clk 1:30:27]} Qg8
{[%clk 0:45:39]} 15. g3 {[%clk 1:29:21]} Rg4 {[%clk 0:34:07]} 16. Nc3
{[%clk 1:23:34]} c6 {[%clk 0:33:30]} 17. Ne4 {[%clk 1:03:29]} Qg7
{[%clk 0:31:17]} 18. f3 {[%clk 1:02:52]} Rg6 {[%clk 0:30:40]} 19. Qd2
{[%clk 0:59:32]} b6 {[%clk 0:26:05]} 20. Rd1 {[%clk 0:59:08]} Qe5
{[%clk 0:23:23]} 21. f4 {[%clk 0:48:10]} Qc7 {[%clk 0:21:48]} 22. Ng5
{[%clk 0:44:09]} Rxg5 {[%clk 0:10:13]} 23. fxg5 {[%clk 0:44:10]} Qe5
{[%clk 0:06:18]} 24. Qf4 {[%clk 0:42:41]} Qxf4 {[%clk 0:05:12]} 25. gxf4
{[%clk 0:42:31]} Bd5 {[%clk 0:04:20]} 26. Re1+ {[%clk 0:41:47]} Kd6
{[%clk 0:04:20]} 27. Kf2 {[%clk 0:39:43]} b5 {[%clk 0:03:32]} 28. Re3
{[%clk 0:36:43]} b4 {[%clk 0:03:10]} 29. Rh3 {[%clk 0:36:14]} Kc5
{[%clk 0:02:09]} 30. c3 {[%clk 0:35:28]} bxc3 {[%clk 0:02:13]} 31. bxc3
{[%clk 0:35:32]} Rb8 {[%clk 0:02:11]} 32. Rd2 {[%clk 0:35:01]} Be4
{[%clk 0:02:14]} 33. Re3 {[%clk 0:34:42]} Bd5 {[%clk 0:01:58]} 34. f5
{[%clk 0:33:33]} Rb1 {[%clk 0:01:44]} 35. Re1 {[%clk 0:33:22]} Rb7
{[%clk 0:01:40]} 36. h4 {[%clk 0:33:10]} a5 {[%clk 0:01:49]} 37. Kg3
{[%clk 0:31:22]} Rd7 {[%clk 0:01:25]} 38. f6 {[%clk 0:29:38]} a4 {[%clk 0:01:02]}
39. Re7 {[%clk 0:29:12]} Rd6 {[%clk 0:00:47]} 40. h5 {[%clk 0:27:28]} a3
{[%clk 0:00:34]} 41. Kf4 {[%clk 0:24:50]} h6 {[%clk 0:00:16]} 42. gxh6
{[%clk 0:24:04]} Rd8 {[%clk 0:00:15]} 43. Rxf7 {[%clk 0:23:02]} Rh8
{[%clk 0:00:24]} 44. Rd7 {[%clk 0:20:49]} Rxh6 {[%clk 0:00:27]} 45. Kg5
{[%clk 0:20:36]} Rh8 {[%clk 0:00:36]} 46. f7 {[%clk 0:17:55]} 1-0

[Event "HSG Open 2018"]
[Site "Hilversum"]
[Date "2018.06.24"]
[Round "5.9"]
[White "Balje, Jan"]
[Black "De Boer, Eelke"]
[Result "1-0"]
[BlackElo "2325"]
[WhiteElo "2196"]
[LiveChessVersion "1.4.8"]

1. d4 {[%clk 1:47:39]} Nf6 {[%clk 1:50:13]} 2. c4 {[%clk 1:47:38]} g6
{[%clk 1:50:17]} 3. Nc3 {[%clk 1:47:32]} Bg7 {[%clk 1:50:22]} 4. e4
{[%clk 1:47:37]} d6 {[%clk 1:50:26]} 5. Be2 {[%clk 1:47:27]} O-O {[%clk 1:50:30]}
6. Nf3 {[%clk 1:47:03]} e5 {[%clk 1:50:31]} 7. d5 {[%clk 1:46:59]} a5
{[%clk 1:50:31]} 8. h3 {[%clk 1:46:19]} Nh5 {[%clk 1:48:38]} 9. g3
{[%clk 1:45:59]} f5 {[%clk 1:48:12]} 10. exf5 {[%clk 1:37:35]} gxf5
{[%clk 1:48:08]} 11. Nh2 {[%clk 1:33:20]} Nf6 {[%clk 1:47:51]} 12. g4
{[%clk 1:29:39]} Na6 {[%clk 1:43:36]} 13. Qc2 {[%clk 1:22:26]} c6
{[%clk 1:26:49]} 14. Bg5 {[%clk 1:05:30]} Qc7 {[%clk 1:22:38]} 15. O-O-O
{[%clk 0:57:14]} Nc5 {[%clk 1:10:27]} 16. f3 {[%clk 0:54:09]} Bd7
{[%clk 1:01:09]} 17. Nf1 {[%clk 0:53:31]} f4 {[%clk 0:51:01]} 18. Nd2
{[%clk 0:51:12]} Be8 {[%clk 0:50:30]} 19. Bxf6 {[%clk 0:44:08]} Bxf6
{[%clk 0:43:51]} 20. Nde4 {[%clk 0:43:58]} Nxe4 {[%clk 0:43:44]} 21. Nxe4
{[%clk 0:43:52]} cxd5 {[%clk 0:40:07]} 22. cxd5 {[%clk 0:42:39]} Qd7
{[%clk 0:37:39]} 23. Kb1 {[%clk 0:39:00]} Bd8 {[%clk 0:37:16]} 24. h4
{[%clk 0:37:20]} Bg6 {[%clk 0:32:43]} 25. h5 {[%clk 0:35:42]} Rc8
{[%clk 0:30:33]} 26. Qd3 {[%clk 0:30:12]} Bxe4 {[%clk 0:30:15]} 27. Qxe4
{[%clk 0:30:15]} Bb6 {[%clk 0:29:57]} 28. Bd3 {[%clk 0:23:14]} Be3
{[%clk 0:29:32]} 29. h6 {[%clk 0:22:48]} Kh8 {[%clk 0:23:44]} 30. Rh5
{[%clk 0:20:16]} Rg8 {[%clk 0:22:46]} 31. Rxe5 {[%clk 0:13:20]} Rge8
{[%clk 0:20:22]} 32. Re6 {[%clk 0:12:37]} Qf7 {[%clk 0:17:46]} 33. Bb5
{[%clk 0:07:13]} Rxe6 {[%clk 0:16:28]} 34. dxe6 {[%clk 0:06:32]} Qe7
{[%clk 0:13:40]} 35. Bd7 {[%clk 0:06:37]} Rc7 {[%clk 0:12:59]} 36. g5
{[%clk 0:06:09]} Kg8 {[%clk 0:12:16]} 37. g6 {[%clk 0:06:01]} hxg6
{[%clk 0:12:01]} 38. Qxg6+ {[%clk 0:06:05]} Kh8 {[%clk 0:12:06]} 39. Qg7+ 1-0

[Event "HSG Open 2018"]
[Site "Hilversum"]
[Date "2018.06.24"]
[Round "5.10"]
[White "Voege, Tobias"]
[Black "Guelsen, Taylan"]
[Result "1/2-1/2"]
[BlackElo "2187"]
[WhiteElo "2301"]
[LiveChessVersion "1.4.8"]

1. d4 {[%clk 1:50:13]} Nf6 {[%clk 1:48:18]} 2. c4 {[%clk 1:50:19]} e6
{[%clk 1:47:54]} 3. Nc3 {[%clk 1:50:21]} Bb4 {[%clk 1:47:33]} 4. Nf3
{[%clk 1:50:27]} b6 {[%clk 1:47:27]} 5. Bg5 {[%clk 1:50:31]} h6 {[%clk 1:47:23]}
6. Bh4 {[%clk 1:50:38]} g5 {[%clk 1:47:21]} 7. Bg3 {[%clk 1:50:44]} Ne4
{[%clk 1:47:19]} 8. Qc2 {[%clk 1:50:50]} Bb7 {[%clk 1:46:53]} 9. e3
{[%clk 1:50:54]} d6 {[%clk 1:46:39]} 10. Bd3 {[%clk 1:50:59]} Bxc3+
{[%clk 1:46:34]} 11. bxc3 {[%clk 1:51:01]} f5 {[%clk 1:46:29]} 12. d5
{[%clk 1:51:05]} Nd7 {[%clk 1:46:09]} 13. Nd4 {[%clk 1:51:09]} Ndc5
{[%clk 1:45:09]} 14. dxe6 {[%clk 1:51:04]} Qf6 {[%clk 1:44:48]} 15. f3
{[%clk 1:51:09]} Nxd3+ {[%clk 1:43:15]} 16. Qxd3 {[%clk 1:51:12]} f4
{[%clk 1:43:15]} 17. Bf2 {[%clk 1:51:04]} Nc5 {[%clk 1:39:30]} 18. Qc2
{[%clk 1:45:58]} fxe3 {[%clk 1:26:09]} 19. Bxe3 {[%clk 1:45:43]} O-O-O
{[%clk 1:25:36]} 20. O-O-O {[%clk 1:37:48]} Nxe6 {[%clk 1:21:56]} 21. h4
{[%clk 1:30:36]} Rde8 {[%clk 1:08:25]} 22. Kb2 {[%clk 1:12:16]} Nc5
{[%clk 1:06:56]} 23. hxg5 {[%clk 1:11:25]} hxg5 {[%clk 1:06:45]} 24. Rxh8
{[%clk 0:56:53]} Qxh8 {[%clk 0:58:58]} 25. Nf5 {[%clk 0:43:08]} Bc6
{[%clk 0:45:19]} 26. Bd4 {[%clk 0:36:12]} Ba4 {[%clk 0:38:47]} 27. Bxh8
{[%clk 0:31:33]} Bxc2 {[%clk 0:38:47]} 28. Kxc2 {[%clk 0:31:26]} Rxh8
{[%clk 0:38:48]} 29. Rd4 {[%clk 0:27:37]} Rf8 {[%clk 0:18:30]} 30. Ne3
{[%clk 0:22:29]} 1/2-1/2

[Event "HSG Open 2018"]
[Site "Hilversum"]
[Date "2018.06.24"]
[Round "5.11"]
[White "Elgersma, Simon"]
[Black "Plasman, Hans"]
[Result "1-0"]
[BlackElo "2178"]
[WhiteElo "2260"]
[LiveChessVersion "1.4.8"]

1. e4 {[%clk 1:50:16]} e5 {[%clk 1:50:09]} 2. Nf3 {[%clk 1:50:18]} Nc6
{[%clk 1:50:12]} 3. Bb5 {[%clk 1:50:06]} f5 {[%clk 1:50:07]} 4. Nc3
{[%clk 1:50:05]} fxe4 {[%clk 1:50:11]} 5. Nxe4 {[%clk 1:50:12]} Nf6
{[%clk 1:50:12]} 6. Nxf6+ {[%clk 1:49:26]} Qxf6 {[%clk 1:50:10]} 7. Qe2
{[%clk 1:49:34]} Be7 {[%clk 1:49:45]} 8. Bxc6 {[%clk 1:49:37]} bxc6
{[%clk 1:45:27]} 9. d4 {[%clk 1:49:23]} e4 {[%clk 1:31:48]} 10. Qxe4
{[%clk 1:44:48]} d5 {[%clk 1:31:37]} 11. Qe5 {[%clk 1:42:39]} Bf5
{[%clk 1:25:38]} 12. c3 {[%clk 1:39:51]} Qxe5+ {[%clk 1:13:35]} 13. Nxe5
{[%clk 1:38:12]} c5 {[%clk 1:11:05]} 14. O-O {[%clk 1:32:35]} O-O
{[%clk 1:07:44]} 15. Re1 {[%clk 1:15:22]} cxd4 {[%clk 0:59:29]} 16. Nc6
{[%clk 1:07:43]} Bf6 {[%clk 0:51:57]} 17. cxd4 {[%clk 0:56:35]} Rfe8
{[%clk 0:50:18]} 18. Be3 {[%clk 0:55:34]} Bd7 {[%clk 0:44:41]} 19. Nb4
{[%clk 0:49:01]} c6 {[%clk 0:37:32]} 20. Na6 {[%clk 0:44:58]} Re7
{[%clk 0:36:10]} 21. Rec1 {[%clk 0:42:49]} Be8 {[%clk 0:35:15]} 22. b3
{[%clk 0:33:12]} Rb7 {[%clk 0:33:58]} 23. Rc3 {[%clk 0:28:52]} Rd8
{[%clk 0:30:58]} 24. h3 {[%clk 0:27:56]} Be7 {[%clk 0:26:17]} 25. Re1
{[%clk 0:24:36]} h6 {[%clk 0:20:50]} 26. Bf4 {[%clk 0:13:42]} Bf8
{[%clk 0:10:05]} 27. Rg3 {[%clk 0:11:16]} Kh7 {[%clk 0:08:33]} 28. Nc7
{[%clk 0:05:55]} Bf7 {[%clk 0:06:01]} 29. Ne6 {[%clk 0:04:12]} Re8
{[%clk 0:06:09]} 30. Nxf8+ {[%clk 0:02:35]} Rxf8 {[%clk 0:06:18]} 31. Bd6
{[%clk 0:02:24]} Re8 {[%clk 0:05:59]} 32. Be5 {[%clk 0:02:32]} Bg6
{[%clk 0:05:54]} 33. Rc1 {[%clk 0:02:33]} Re6 {[%clk 0:05:08]} 34. Rc5
{[%clk 0:02:33]} Rb5 {[%clk 0:04:04]} 35. Rgc3 {[%clk 0:01:58]} Rxc5
{[%clk 0:04:12]} 36. Rxc5 {[%clk 0:02:06]} Bd3 {[%clk 0:04:01]} 37. Rc3
{[%clk 0:01:49]} Bb5 {[%clk 0:03:32]} 38. a4 {[%clk 0:01:52]} Ba6
{[%clk 0:03:39]} 39. Bb8 {[%clk 0:01:52]} 1-0